Normal view
MARC view
Entry Personal Name
001 - CONTROL NUMBER
- control field: 10392
003 - CONTROL NUMBER IDENTIFIER
- control field: dpl
005 - DATE AND TIME OF LATEST TRANSACTION
- control field: 20100810160313.0
008 - FIXED-LENGTH DATA ELEMENTS
- fixed length control field: 100810|||a|||||| | ||| d
040 ## - CATALOGING SOURCE
- Original cataloging agency: dpl
- Transcribing agency: dpl
100 ## - HEADING--PERSONAL NAME
- Personal name: Harshananda
670 ## - SOURCE DATA FOUND
- Source citation: Work cat.: (dpl): Harshananda, The six systems of hindu philosophy :, 2009
670 ## - SOURCE DATA FOUND
- Source citation: Work cat.: (dpl): Harshananda, The six systems of hindu philosophy :, 2009
